000 00516nam a2200181Ia 4500
005 20250508152653.0
008 008 250505s9999 xx 000 0 eng d
037 _aTextual
040 _aFEDL
_beng
_cFEDL
041 _aeng
_2eng
084 _aB, KID
_qFEDL
100 _aChopra Pran Nath
245 0 _aRafi ahmad kidwai : His life and work
260 _aAgra, India
_bShivalal Agarwala and Company Private Limited
_c1960
300 _a227p.
942 _cTEXL
_hB, KID
999 _c1337944
_d1337944